The maket for table olives in France, Italy, the United Kingdom, Switzerland and other selected countries
Сохранить в:
| Формат: | |
|---|---|
| Язык: | Undetermined |
| Опубликовано: |
Geneva
Geneva
1973
|
| Предметы: | |
| Метки: |
Добавить метку
Нет меток, Требуется 1-ая метка записи!
|
| Thư viện lưu trữ: | Trung tâm Học liệu Trường Đại học Cần Thơ |
|---|
| LEADER | 00542nam a2200169Ia 4500 | ||
|---|---|---|---|
| 001 | CTU_77428 | ||
| 008 | 210402s9999 xx 000 0 und d | ||
| 082 | |a 338.1 | ||
| 082 | |b M345 | ||
| 245 | 4 | |a The maket for table olives in France, Italy, the United Kingdom, Switzerland and other selected countries | |
| 245 | 0 | |c International Trade Centre Unctad/Gatt | |
| 260 | |a Geneva | ||
| 260 | |b Geneva | ||
| 260 | |c 1973 | ||
| 650 | |a Olive industry and trade | ||
| 904 | |i Trọng Hải | ||
| 980 | |a Trung tâm Học liệu Trường Đại học Cần Thơ | ||